Kapal Terakhir Didunia (Record no. 4948)
[ view plain ]
| 000 -LEADER | |
|---|---|
| fixed length control field | 00543nam a22001937a 4500 |
| 005 - DATE AND TIME OF LATEST TRANSACTION | |
| control field | 20220420093444.0 |
| 008 - FIXED-LENGTH DATA ELEMENTS--GENERAL INFORMATION | |
| fixed length control field | 220420b2022 my ||||| |||| 00| 0 m d |
| 020 00 - INTERNATIONAL STANDARD BOOK NUMBER | |
| International Standard Book Number | 9789672459170 |
| Terms of availability | RM 30.00 |
| 040 ## - CATALOGING SOURCE | |
| Original cataloging agency | AKMAL |
| 082 00 - DEWEY DECIMAL CLASSIFICATION NUMBER | |
| Classification number | 899.2333 TEM |
| 090 00 - LOCALLY ASSIGNED LC-TYPE CALL NUMBER (OCLC); LOCAL CALL NUMBER (RLIN) | |
| Classification number (OCLC) (R) ; Classification number, CALL (RLIN) (NR) | 899.2333 |
| Local cutter number (OCLC) ; Book number/undivided call number, CALL (RLIN) | TEM |
| 100 ## - MAIN ENTRY--PERSONAL NAME | |
| Personal name | Teme Abdullah |
| 9 (RLIN) | 9427 |
| 245 10 - TITLE STATEMENT | |
| Title | Kapal Terakhir Didunia |
| Statement of responsibility, etc. | Teme Abdullah |
| 260 00 - PUBLICATION, DISTRIBUTION, ETC. | |
| Place of publication, distribution, etc. | Selangor |
| Name of publisher, distributor, etc. | Iman Punlication Sdn Bhd |
| Date of publication, distribution, etc. | 2021 |
| 300 ## - PHYSICAL DESCRIPTION | |
| Extent | 338 pg |
| Dimensions | 19cm |
| 650 00 - SUBJECT ADDED ENTRY--TOPICAL TERM | |
| Topical term or geographic name entry element | Malay Fiction |
| 9 (RLIN) | 9428 |
| 650 00 - SUBJECT ADDED ENTRY--TOPICAL TERM | |
| Topical term or geographic name entry element | Malaysian fiction (Malay) |
| 9 (RLIN) | 9429 |
| 942 ## - ADDED ENTRY ELEMENTS (KOHA) | |
| Source of classification or shelving scheme | |
| Koha item type | Book |
| Withdrawn status | Lost status | Source of classification or shelving scheme | Damaged status | Not for loan | Collection code | Home library | Current library | Shelving location | Date acquired | Inventory number | Total Checkouts | Full call number | Barcode | Date last seen | Date last checked out | Price effective from | Koha item type |
|---|---|---|---|---|---|---|---|---|---|---|---|---|---|---|---|---|---|
| NON-FICTION | AKMAL Melaka | AKMAL Melaka | PINJAMAN | 20.04.2022 | 011482 | 1 | 899.2333 TEM | 201708128 | 28.03.2023 | 10.03.2023 | 20.04.2022 | Book |
